Southville International School and Colleges
Your cart is empty.
  • Cart
  • Lists
    Public lists Eva Luna New books Lux_list list_1
    Your lists Log in to create your own lists
  • Log in to your account
  • Your cookies
  • Search history
Southville International School and Colleges
  • Advanced search
  • Recent comments
  • Most popular
  • Libraries

Log in to your account

Log in with GOOGLE


If you do not have an external account, but do have a local account, you can still log in:

  1. Home
  2. MARC view: Magic school bus gets baked in a cake :
Normal view MARC view ISBD view

Magic school bus gets baked in a cake : (Record no. 306011)

[ view plain ]
MARC details
000 -LEADER
fixed length control field 00597nam a2200229Ia 4500
008 - FIXED-LENGTH DATA ELEMENTS--GENERAL INFORMATION
fixed length control field 170203s9999 xx 000 0 und d
020 ## - INTERNATIONAL STANDARD BOOK NUMBER
International Standard Book Number 0-590222953
050 ## - LIBRARY OF CONGRESS CALL NUMBER
Classification number Fic
050 ## - LIBRARY OF CONGRESS CALL NUMBER
Item number .C689J 1995
100 ## - MAIN ENTRY--PERSONAL NAME
Personal name Cole, Joanna
245 ## - TITLE STATEMENT
Title Magic school bus gets baked in a cake :
245 ## - TITLE STATEMENT
Remainder of title a book about kitchen Chemistry /
245 ## - TITLE STATEMENT
Statement of responsibility, etc Joana Cole.
260 ## - PUBLICATION, DISTRIBUTION, ETC. (IMPRINT)
Place of publication, distribution, etc New York :
260 ## - PUBLICATION, DISTRIBUTION, ETC. (IMPRINT)
Name of publisher, distributor, etc Scholastic Inc.,
260 ## - PUBLICATION, DISTRIBUTION, ETC. (IMPRINT)
Date of publication, distribution, etc 1995
300 ## - PHYSICAL DESCRIPTION
Other physical details col. ill. ;
440 ## - SERIES STATEMENT/ADDED ENTRY--TITLE
Title The Magic School Bus
650 ## - SUBJECT ADDED ENTRY--TOPICAL TERM
Topical term or geographic name as entry element Juvenile literature.
650 ## - SUBJECT ADDED ENTRY--TOPICAL TERM
General subdivision Children stories.
650 ## - SUBJECT ADDED ENTRY--TOPICAL TERM
General subdivision Kitchen --
Holdings
Withdrawn status Lost status Damaged status Home library Current library Shelving location Date acquired Total Checkouts Full call number Barcode Date last seen Price effective from Koha item type
      Stonyhurst Southville International School (Batangas) Stonyhurst Southville International School (Batangas)   02/03/2017   Fic .C689J 1995 LS -2218 02/03/2017 02/03/2017 Books

Magic school bus gets baked in a cake :

APA

Cole J., .Magic school bus gets baked in a cake. New York: .

Chicago

Cole Joanna, .Magic school bus gets baked in a cake. New York: .

Harvard

Cole J., .Magic school bus gets baked in a cake. New York: .

MLA

Cole Joanna, .New York: . .

  • Place hold
  • Print
  • Cite
  • Add to your cart (remove)
  • Save record
    BIBTEX Dublin Core MARCXML MARC (non-Unicode/MARC-8) MARC (Unicode/UTF-8) MARC (Unicode/UTF-8, Standard) MODS (XML) RIS
  • More searches
    Search for this title in:
    Other Libraries (WorldCat) Other Databases (Google Scholar) Online Stores (Bookfinder.com) Open Library (openlibrary.org)

Exporting to Dublin Core...

SOUTHVILLE LIBRARY

Southville International School and Colleges Library

1281 Tropical Ave. Cor. Luxembourg St., BF Homes International, Las Pinas City

Tel. No. 8256374 / 252358 Loc. 117/146

Powered by Koha